000 01108aam a2200421 4500
005 20251128194420.0
008 150701b2011 xxu||||| |||| 00| 0 spa d
020 _a9789968317948
041 _aESP
082 _a540 P585q
100 _aPicado, Ana Beatriz
_91803
100 _aÁlvarez, Milton
_91804
245 _aQuímica I: introducción al estudio de la materia
260 _aCosta Rica
260 _bEUNED
260 _c2011
300 _a540 páginas
490 _aGestión de Calidad
490 _aMecánica Dental
490 _aElectrónica
650 _aQUÍMICA
650 _aMATERIA
650 _aESTRUCTURA ATÓMICA
650 _aTEORÍA CUÁNTICA
650 _aÁTOMOS MULTIELECTRÓNICOS
650 _aPROPIEDADES DE LOS ELEMENTOS
650 _aFORMACIÓN DE SUSTANCIAS
650 _aORBITALES HÍBRIDOS
650 _aTERMODINÁMICA
650 _aCALORIMETRÍA
650 _aLEY DE HESS
650 _aNOMENCLATURA DE LOS COMPUESTOS
650 _aESTEQUIOMETRIA DE LAS REACCIONES
942 _cBK
_2ddc
999 _c3224
_d3224